000 00775nam a2200253 i 4500
003 IT-RoINE
005 20200706055423.0
008 930923s1953 it |||||r |||||||ita|d
040 _cIT-RoINE
_dIT-RoINE
041 7 _aita
_hger
100 1 _aGräf, Richard,
_cC.S.Sp.,‏
_d1899-1977
_954811
240 1 0 _aJa, Vater.
_lItaliano
245 1 0 _aSì, Padre /
_cRiccardo Gräf ; traduzione dal tedesco di Giovanna Federici Airoldi.
250 _a9. ed
260 _aBrescia :
_bMorcelliana,
_c1953.
300 _a199 p. ;
_c17 cm.
336 _2rdacontent
_atext
337 _2rdamedia
_aunmediated
338 _2rdacarrier
_avolume
500 _aTraducción de: Ja, Vater.
650 4 _91444
_aEspiritualidad
700 1 _aFederici Ajroldi, Giovanna
_954812
942 _cMTS
999 _c27805
_d27805